General Knowledge (NCERT) (Record no. 12093)
[ view plain ]
| 000 -LEADER | |
|---|---|
| fixed length control field | 00248nam a22000977a 4500 |
| 008 - FIXED-LENGTH DATA ELEMENTS--GENERAL INFORMATION | |
| fixed length control field | 221026b |||||||| |||| 00| 0 eng d |
| 020 ## - INTERNATIONAL STANDARD BOOK NUMBER | |
| International Standard Book Number | 9789392794162 |
| 100 ## - MAIN ENTRY--PERSONAL NAME | |
| Personal name | Sundaram Kumar |
| 9 (RLIN) | 7595 |
| 245 ## - TITLE STATEMENT | |
| Title | General Knowledge (NCERT) |
| 260 ## - PUBLICATION, DISTRIBUTION, ETC. (IMPRINT) | |
| Place of publication, distribution, etc. | New Delhi |
| Name of publisher, distributor, etc. | JBC |
| Withdrawn status | Lost status | Source of classification or shelving scheme | Damaged status | Koha normalized classification for sorting | Not for loan | Home library | Current library | Shelving location | Date acquired | Total Checkouts | Full call number | Barcode | Date last seen | Date last checked out | Price effective from | Koha item type |
|---|---|---|---|---|---|---|---|---|---|---|---|---|---|---|---|---|
| Dewey Decimal Classification | SUN_080_000000000000000 | Good Samaritan School Library | Good Samaritan School Library | General Knowledge | 10/26/2022 | 5 | SUN080 | SUN17313 | 02/11/2026 | 02/04/2026 | 10/26/2022 | BOOK |